000 00800cam a2200157 4500500
005 20260322001948.0
041 _afre
042 _adc
100 1 0 _aDaudin, Claire
_eauthor
245 0 0 _aEdith Bruck, Contrechamp, translated from Italian by René de Ceccatty. Seuil, 2025, 144 pages, €18. Les dissonances. Foreword and translation from Italian by René de Ceccatty (bilingual edition). Rivages, “Bibliothèque Rivages”, 2025, 156 pages, €17.
260 _c2025.
500 _a27
520 _aArtemisia, exhibited at the Musée Jacquemart-André, portrays women who resist male violence, echoing her own story.
786 0 _nÉtudes | Jui | 6 | 2025-05-21 | p. 122-123 | 0014-1941
856 4 1 _uhttps://shs.cairn.info/journal-etudes-2025-6-page-122?lang=en&redirect-ssocas=7080
999 _c1719347
_d1719347